00241nam a22001097a 4500008004100000020001800041041000800059080001600067100000700083101000800090245003300098171010b xxu||||| |||| 00| 0 eng d a9780072822496 aeng 29 EDa316 a50 aSOC aSOCIAL PROBLEMScLAUER.R.H